000
00320nam a22001337a 4500
008
170616b xxu||||| |||| 00| 0 eng d
020
_a
9780415560740
041
_a
eng
080
_2
3 ED
_a
32
100
_a
20
101
_a
SHP
245
_a
CHINESE SOCIETY CONFLICT AND RESINSTANCE
_c
PERRY.E.J
942
_2
udc
_c
BK
999
_c
17674
_d
17674